Score 0/20 Timer 06:00
0 Plays Today
Year % Correct
1999Holes
71.8%
1994The Giver
70.5%
1990Number the Stars
67.9%
2000Bud, Not Buddy
56.4%
1995Walk Two Moons
51.3%
1992Shiloh
48.7%
2009The Graveyard Book
48.7%
1991Maniac Magee
43.6%
2005Kira-Kira
42.3%
1996The Midwife's Apprentice
35.9%
Year % Correct
2006Criss Cross
34.6%
2003The Crispin
32.1%
1993Missing May
30.8%
1997The View from Saturday
30.8%
2004The Tale of Despereaux
30.8%
2007The Higher Power of Lucky
30.8%
1998Out of the Dust
29.5%
2002A Single Shard
29.5%
2001A Year Down Yonder
28.2%
2008Good Masters! Sweet Ladies! Voices from a Medieval Village
16.7%
Remove Ads.
Support Sporcle.
Get the best of Sporcle when you Go Orange. This ad-free experience offers more features, more stats, and more fun while also helping to support Sporcle. Thank you for becoming a member.

You're not logged in!

Compare scores with friends on all Sporcle quizzes.
OR
Log In

You Might Also Like...

Show Comments

Extras

Created Nov 27, 2010ReportNominate
Tags:Newbery

Top Quizzes Today


Score Distribution

Your Account Isn't Verified!

In order to create a playlist on Sporcle, you need to verify the email address you used during registration. Go to your Sporcle Settings to finish the process.

Report this User

Report this user for behavior that violates our Community Guidelines.

Details: